| 000 | 01248cam a2200361 a 4500 | ||
|---|---|---|---|
| 001 | 1498415 | ||
| 003 | OSt | ||
| 005 | 20140310183110.0 | ||
| 008 | 880524s1988 ph l 001 0 eng | ||
| 010 | _a 88143624 | ||
| 020 | _a9718586016 | ||
| 040 |
_aDLC _cDLC _dDLC |
||
| 043 | _aa-ph--- | ||
| 050 | 0 | 0 |
_aHD 7809 _b.F796 1999 |
| 082 |
_aFIL 331 _bL11 1999 |
||
| 110 | 1 | _aPhilippines. | |
| 240 | 1 | 0 | _aLabor Code of the Philippines |
| 245 | 1 | 4 |
_aThe Labor Code of the Philippines and its implementing rules and regulations _bwith appendices _cFoz, Vicente B. |
| 250 | _a1999 ed. | ||
| 260 |
_aDiliman, Quezon City, Metropolitan Manila, Philippines _bPhilippine Law Gazette _cc1989 |
||
| 300 |
_a640 p. _c26 cm. |
||
| 500 | _a"Appendices": p. 213-409. | ||
| 521 | _aCollege Students | ||
| 526 | _c1210L to 1700L | ||
| 541 | _j1 | ||
| 562 | _e1 | ||
| 650 | 0 |
_aLabor laws and legislation _zPhilippines. |
|
| 700 | 1 | _aFoz, Vicente B. | |
| 710 | 1 | 2 |
_aPhilippines. _bMinistry of Labor and Employment. _tRules to implement the Labor Code. _f1988. |
| 906 |
_a7 _bcbc _corignew _d2 _encip _f19 _gy-gencatlg |
||
| 942 |
_2lcc _cBK _kFIL |
||
| 999 |
_c18832 _d18832 |
||